000 01199nam a2200253 i 4500
001 bg
100 1 _aHRYNIEWICZ, Marek
245 1 0 _aMetoda doboru pras walcowych oraz opracowania założeń do ich modernizacji lub konstrukcji /
_cMarek Hryniewicz.
246 1 1 _aMethod of selection of roll presses and elaboration of design criteria for their modernization or construction
260 _aKraków :
_bWydawnictwa AGH,
_c1997.
300 _a96, [1] s. :
_brys., wykr. ;
_c24 cm.
490 1 _aRozprawy, Monografie / [Akademia Górniczo-Hutnicza im. Stanisława Staszica] =
_aDissertations, Monographies,
_x0867-6631 ;
_v58
500 _aTyt. równol. : Method of selection of roll presses and elaboration of design criteria for their modernization or construction. - Streszcz. ang.
504 _aBibliogr.
650 9 _aBrykietowanie
_xbadanie
650 9 _aOśrodki sypkie
_xtechnologia
_xbadanie
650 9 _aPrasy
_xbudowa i konstrukcje
_xbadanie
830 0 _aRozprawy, Monografie ([Akademia Górniczo-Hutnicza im. Stanisława Staszica]) ;
_v58
040 _cBPK
041 0 _apl
_ben
080 _a621.97:621.77:519.86:004.94
942 _cKS
008 s pl f |000 0 pol
999 _c38332
_d38332
856 _uhttp://koha.tu.koszalin.pl/cgi-bin/koha/opac-detail.pl?biblionumber=38332
_yKatalog online BPK